000 00558nam a2200193Ia 4500
003 BUBTL
008 151213s9999 xx 000 0 und d
020 _a0-07-010358-5
082 _a337/ C3442i/ 1990
100 _a Chacholiades,Miltiades
_91499
245 _aInternational Economics :
_cMiltiades Chacholiades
260 _aNew York :
_bMcGraw Hill Publishing Company,
_cc1990.
300 _axix,595 p.
_c21 cm.
650 _aEconomics
650 _aEconomics
856 _k0
_l0
_yDownload
942 _2ddc
_cBK
999 _c4771
_d4771